00742nam a22002057a 4500003000400000005001700004008004100021020001400062040002300076082002300099100002200122245014100144260006000285300004300345504004100388650001900429650002200448700003500470700003100505OSt20240530110422.0150312s2009 ua ao f b 000 0 eng d a977416249 aEG-CaGPLcEG-CaGPL04221a725.73bCC/T L1 aTelmissany , May 14aThe Last Hammams of Cairo :bA Disappearing Bathhouse Culture /cText by May Telmissany and Eve Gandossi ; Photographs by Pascal Meunier aCairo :bThe American University in Cairo Press,c2009. a134 P. :bcol. ill. , photos ;c32 cm. aIncludes bibliographical references.0 aBathsxTurkish0 aBathhousesxEgypt1 aMeunier , Pascal ePhotography1 aGandossi , Eve ejt. auth.